Cross Damian Management: Strategies That Work Everywhere (Record no. 13097)
[ view plain ]
| 000 -LEADER | |
|---|---|
| fixed length control field | 00351nam a22001337a 4500 |
| 003 - CONTROL NUMBER IDENTIFIER | |
| control field | OSt |
| 008 - FIXED-LENGTH DATA ELEMENTS--GENERAL INFORMATION | |
| fixed length control field | 250212b |||||||| |||| 00| 0 eng d |
| 020 ## - INTERNATIONAL STANDARD BOOK NUMBER | |
| International Standard Book Number | 9789348140906 |
| 100 ## - MAIN ENTRY--PERSONAL NAME | |
| Personal name | MISHRA, Akhilesh Kumar |
| 245 ## - TITLE STATEMENT | |
| Title | Cross Damian Management: Strategies That Work Everywhere |
| 300 ## - PHYSICAL DESCRIPTION | |
| Extent | 205p. |
| 650 ## - SUBJECT ADDED ENTRY--TOPICAL TERM | |
| Topical term or geographic name as entry element | Faculty Publication |
| 942 ## - ADDED ENTRY ELEMENTS (KOHA) | |
| Source of classification or shelving scheme | Dewey Decimal Classification |
| Koha item type | Text Books |
No items available.